| 000 | 00859nas a2200277 4500 | ||
|---|---|---|---|
| 001 | BR2015006692 | ||
| 003 | BR-BrBNA | ||
| 005 | 20231205130059.0 | ||
| 007 | ta | ||
| 008 | 230509b bl.|||p| |||| 00| 00por d | ||
| 040 |
_aBR-BrBNA _bpor _cBiblioteca Nacional de Agricultura |
||
| 041 | _a(Pt) | ||
| 072 | _aF30; S01 | ||
| 100 | 1 | _aLannes, S.D. | |
| 100 | 1 | _aDuarte, T. da S. | |
| 100 | 1 | _aWamser, G.H. | |
| 100 | 1 | _aAlves, D.P. | |
| 245 | 1 | _aSCS368 Ituporanga e SCS369 Águas Negras: cultivares de batata-doce para Santa Catarina | |
| 650 | _aBATATA DOCE | ||
| 650 | _aVARIEDADE | ||
| 650 | _aMELHORAMENTO GENÉTICO VEGETAL | ||
| 650 | _aNUTRIÇÃO HUMANA | ||
| 773 | 0 |
_tAgropecuária Catarinense (Brazil) _xISSN 0103-0779 _g(Aug-Dec 2015), v. 28(2) p. 51-54 _wBR2015006692 |
|
| 909 |
_a202311 _bLúcia _c55 _dLúcia Elande |
||
| 942 |
_2AGRIS _n0 _cANA |
||
| 999 |
_c247797 _d247797 |
||